Statistiken für Fernsehen: Auf welchem Sender läuft's?

Klicken Sie hier um das Quiz zu spielen!

Allgemein

  • Dieses Quiz wurde 1.959 mal gespielt
  • Das Durchschnittsergebnis liegt bei 9 aus 18

Antwortstatistiken

HintAntwort% Korrekt
Schlag den StarPro7
81%
Wer stiehlt mir die Show?Pro7
74%
The Masked SingerPro7
68%
Das perfekte DinnerVox
66%
Punkt 12RTL
64%
Wer weiß denn sowas?Das Erste
62%
ExplosivRTL
62%
Zwischen Tüll und TränenVox
55%
Barbara Salesch - Das StrafgerichtRTL
50%
Die Höhle der LöwenVox
49%
Das aktuelle SportstudioZDF
48%
Verstehen Sie Spaß?Das Erste
47%
Mein Mann kannSat1
40%
The TasteSat1
38%
Die perfekte MinuteSat1
36%
BrisantDas Erste
32%
Die KüchenschlachtZDF
29%
Der Quiz-ChampionZDF
26%

Verteilung der Resultate

Perzentil nach korrekt beantworteten Fragen

Anzahl Personen mit jedem Resultat

Ihre Resultats-Entwicklung

Sie haben dieses Quiz noch nicht gespielt